Les pays les plus pauvres du Monde - Statistiques

Statistiques générales
  • Ce quiz a été pris 751 fois
  • Le résultat moyen est 11 sur 21
Statistiques - réponses
Réponse PIB par habitant % Correct
République démocratique du Congo 703 $
77%
Niger 573 $
71%
Somalie 561 $
70%
Mali 876 $
69%
Soudan 929 $
65%
Tchad 754 $
53%
Soudan du Sud 569 $
51%
Madagascar 539 $
49%
Burkina Faso 831 $
48%
Rwanda 967 $
48%
République Centrafricaine 515 $
47%
Burundi 307 $
46%
Togo 1 075 $
46%
Erythrée 699 $
44%
Gambie 882 $
44%
Malawi 482 $
43%
Mozambique 578 $
43%
Yémen 871 $
40%
Libéria 769 $
39%
Guinée-Bissau 873 $
38%
Sierra Leone 471 $
37%
Aucun quiz correspondant
Distribution des résultats
% des personnes avec chaque résultat
Percentile par nombre de réponses
Votre historique - résultats
Vous n’avez pas pris ce quiz